Filozof životnej opravdivosti K 60. výročiu smrti T. G. Masaryka

Bibliographic Details
Main Author: Gažík, Peter (Author)
Format: Article
Language:Slovak

MARC

LEADER 00000nab a2200000uu 4500
001 vtls011528963
003 SK-MaSNL
005 20260303112336.0
008 230121|1997 xo |||||||||||||||||slo|
015 |a SNBRB 
035 |a (urnnbn)urn:nbn:sk:snk:ar-a08y0q 
035 |a (uuid)d0216bf3-a8e1-483c-b493-2551109877c7 
035 |a urn:nbn:sk:snk-abefgw 
040 |a SNKBUCL  |b slo  |c SNKBUCL  |e AACR2 
041 0 |a slo 
044 |a xo  |c SK 
100 1 |a Gažík, Peter  |4 aut  |9 482533 
245 1 0 |a Filozof životnej opravdivosti  |b K 60. výročiu smrti T. G. Masaryka  |c Peter Gažík 
773 0 |t Cirkevné listy : časopis venovaný záujmom cirkve evanjelickej a. v.  |g Roč. 110(121), č. 10 (1997), s. 163-164 
954 |a odborná, vedecká literatúra pôvodná (slovenská)  |2 lita 
958 |a OND 
958 |a EUIPO 
958 |a article21 
999 |c 1883721  |d 1885651